| 000 -LEADER |
| fixed length control field |
00439cam a22001337a 4500 |
| 008 - FIXED-LENGTH DATA ELEMENTS--GENERAL INFORMATION |
| fixed length control field |
180718b2000 xxu||||| |||| 00| 0 eng d |
| 020 ## - INTERNATIONAL STANDARD BOOK NUMBER |
| International Standard Book Number |
818696231X |
| 082 ## - DEWEY DECIMAL CLASSIFICATION NUMBER |
| Classification number |
T19x54 G918/98-2000 (R) |
| 245 ## - TITLE STATEMENT |
| Title |
Alternative economic survey 1998-2000: two years of market fundamentalism |
| Statement of responsibility, etc. |
by Alternative Survey Group |
| 260 ## - PUBLICATION, DISTRIBUTION, ETC. |
| Place of publication, distribution, etc. |
Delhi |
| Name of publisher, distributor, etc. |
Rainbow |
| Date of publication, distribution, etc. |
2000 |
| 300 ## - PHYSICAL DESCRIPTION |
| Extent |
171p. |
| 650 ## - SUBJECT ADDED ENTRY--TOPICAL TERM |
| Topical term or geographic name entry element |
India - Economic conditions |
| 700 ## - ADDED ENTRY--PERSONAL NAME |
| Personal name |
Alternative Survey Group |